Malé a stredné podniky ako nositelia inovácií a kreativity bakalárska práca

Gespeichert in:
Bibliographische Detailangaben
1. Verfasser: Kamencová, Petra
Körperschaft: Obchodná fakulta EU. Katedra marketingu
Weitere Verfasser: Nekolová, Veronika, 1984-
Format: Buch
Sprache:Slowakisch
Veröffentlicht: Bratislava 2011
Tags: Tag hinzufügen
Keine Tags, Fügen Sie das erste Tag hinzu!

MARC

LEADER 00000nbm a2200000 4500
001 0132073
005 20161109111430.0
041 0 |a slo 
044 |a SK 
245 1 0 |a Malé a stredné podniky ako nositelia inovácií a kreativity  |b bakalárska práca  |c Petra Kamencová ; školiteľ: Veronika Nekolová 
264 1 |a Bratislava  |c 2011 
300 |a 36 s. 
100 1 |a Kamencová, Petra 
700 1 |a Nekolová, Veronika, 1984- 
710 2 |a Obchodná fakulta EU. Katedra marketingu